| 000 | 00426nam a22001577a 4500 | ||
|---|---|---|---|
| 999 |
_c15700 _d15700 |
||
| 003 | OSt | ||
| 008 | 190531b ||||| |||| 00| 0 eng d | ||
| 020 | _a9788193427620 | ||
| 082 |
_a631.45 _bPAW/OB |
||
| 100 |
_aPawan Jeet _94196 |
||
| 100 |
_aPrem K Sundaram _94197 |
||
| 245 | _aObjectives in soil and water conservation engineering | ||
| 260 |
_aNew Delhi _bNew Vishal publications _c2017 |
||
| 300 | _a296 p. | ||
| 942 | _cBBS | ||